| 000 | 00705cab a22002055a 4500 | ||
|---|---|---|---|
| 001 | L149948 | ||
| 008 | 100519e20100501xxk 000 0 eng d | ||
| 035 | _a(Sirsi) u149948 | ||
| 041 | 0 | _aeng | |
| 100 | 1 | _aThame, David | |
| 245 | 0 | 0 | _aEast Midlands |
| 260 | _c2010 | ||
| 490 |
_aEstates Gazette _v(1017) 1 May 2010, 77-85 (7) |
||
| 520 | _aFocus on the East Midlands which includes detailed statistics, information about the East Midlands Development Agency and the proposed high speed train service from the Midlands to London. | ||
| 590 | _aKA | ||
| 651 | 4 |
_aEast Midlands _y886- |
|
| 690 | _aPROPERTY-COMMERCIAL PROPERTY-COMMERCIAL PROPERTY MARKET | ||
| 700 | 1 | _aPilkington, Lisa | |
| 942 | _n0 | ||
| 999 |
_c82345 _d82345 |
||